<?xml version="1.0" encoding="UTF-8"?>
<record
    xmlns:xsi="http://www.w3.org/2001/XMLSchema-instance"
    xsi:schemaLocation="http://www.loc.gov/MARC21/slim http://www.loc.gov/standards/marcxml/schema/MARC21slim.xsd"
    xmlns="http://www.loc.gov/MARC21/slim">

  <leader>00992nam a22002177a 4500</leader>
  <controlfield tag="003">BI-BuBU</controlfield>
  <controlfield tag="008">100311t        rw||||dr|||| 100 0 fre d</controlfield>
  <datafield tag="037" ind1=" " ind2=" ">
    <subfield code="b">Fonds S. 600</subfield>
  </datafield>
  <datafield tag="039" ind1=" " ind2=" ">
    <subfield code="a">bb</subfield>
  </datafield>
  <datafield tag="040" ind1=" " ind2=" ">
    <subfield code="a">BI-BuBU</subfield>
    <subfield code="b">fre</subfield>
    <subfield code="c">BI-BuBU</subfield>
  </datafield>
  <datafield tag="080" ind1=" " ind2=" ">
    <subfield code="a">635.652.</subfield>
  </datafield>
  <datafield tag="110" ind1="1" ind2=" ">
    <subfield code="4">aut.</subfield>
    <subfield code="a">Atelier sur les strat&#xE9;gies de l'am&#xE9;lioration vari&#xE9;tale dans la r&#xE9;gion des Grands Lacs</subfield>
    <subfield code="c">Kigali</subfield>
    <subfield code="d">1991</subfield>
    <subfield code="9">16998</subfield>
  </datafield>
  <datafield tag="245" ind1="1" ind2=" ">
    <subfield code="a">Actes </subfield>
    <subfield code="c">de l'Atelier sur les strat&#xE9;gies de l'am&#xE9;lioration vari&#xE9;tale dans la r&#xE9;gion des grands lacs ; organis&#xE9; par Pierre Nyabenda, ... ; Luis H. Camacho, ... ; Urs C. Scheidegger, ...</subfield>
  </datafield>
  <datafield tag="260" ind1=" " ind2=" ">
    <subfield code="a">Butare</subfield>
    <subfield code="b">Centre International de l'Agriculture Tropical</subfield>
    <subfield code="c">1991</subfield>
  </datafield>
  <datafield tag="300" ind1=" " ind2=" ">
    <subfield code="a">VI-75 p.</subfield>
    <subfield code="c">28 cm.</subfield>
  </datafield>
  <datafield tag="440" ind1=" " ind2="0">
    <subfield code="a">CIAT African Workshop Series</subfield>
    <subfield code="v">22</subfield>
    <subfield code="9">16999</subfield>
  </datafield>
  <datafield tag="650" ind1=" " ind2="7">
    <subfield code="2">BI-BuBU</subfield>
    <subfield code="a">Haricot. Am&#xE9;lioration</subfield>
    <subfield code="z">Grands Lacs</subfield>
    <subfield code="9">17000</subfield>
  </datafield>
  <datafield tag="942" ind1=" " ind2=" ">
    <subfield code="2">udc</subfield>
    <subfield code="c">BK</subfield>
  </datafield>
  <datafield tag="999" ind1=" " ind2=" ">
    <subfield code="c">4582</subfield>
    <subfield code="d">4582</subfield>
  </datafield>
  <datafield tag="952" ind1=" " ind2=" ">
    <subfield code="0">0</subfield>
    <subfield code="1">0</subfield>
    <subfield code="2">udc</subfield>
    <subfield code="4">0</subfield>
    <subfield code="7">0</subfield>
    <subfield code="9">5872</subfield>
    <subfield code="a">BFACAGRO</subfield>
    <subfield code="b">BFACAGRO</subfield>
    <subfield code="d">2010-03-11</subfield>
    <subfield code="e">Fonds S. 600</subfield>
    <subfield code="l">0</subfield>
    <subfield code="o">635.652.ATE.</subfield>
    <subfield code="p">5030000005700</subfield>
    <subfield code="r">2010-03-11</subfield>
    <subfield code="t">1</subfield>
    <subfield code="w">2010-03-11</subfield>
    <subfield code="y">BK</subfield>
  </datafield>
</record>
